000 00548nam a22001817a 4500
005 20251108170006.0
008 250721s2001 xx 000 0 ara d
082 1 4 _aط/ ق
100 1 _aعمر، عزت
245 1 0 _aعلى شاطىء أبو ظبي /
264 1 _aعمان :
_bمؤسسة عمون للنشر و التوزيع،
_c2001.
300 _a51ص.
490 0 _aروايات غسان للناشئة
_v2
650 1 7 _aالقصص العربية
653 _aناشئون صغار (10-14 سنة)
942 _2ddc
_cBK
999 _c36844
_d36844